Some basic literary terms for british and northamerican literature students

Wedi'i Gadw mewn:
Manylion Llyfryddiaeth
Prif Awduron: Osorio de Parra, Bertha (Awdur), Rodríguez, Flor María (Awdur)
Fformat: Llyfr
Iaith:Saesneg
Cyhoeddwyd: Bogotá Universidad Pedagógica Nacional 2003
Pynciau:
Tagiau: Ychwanegu Tag
Dim Tagiau, Byddwch y cyntaf i dagio'r cofnod hwn!

MARC

LEADER 00000nam a2200000 a 4500
001 UCL8319
003 CL-VaPUC
008 040618e20030000CK |||||||||||||||||eng|d
020 |a 9589097979 
082 0 4 |a 803  |b OSO  |2 21 
100 0 |a Osorio de Parra, Bertha  |e author  |9 486246 
700 0 |a Rodríguez, Flor María  |e author  |9 486247 
245 1 0 |a Some basic literary terms for british and northamerican literature students 
300 |a 79 p 
942 |c BK 
945 |d 20040618 00:00:00  |a cmena 
260 |a Bogotá  |b Universidad Pedagógica Nacional  |c 2003 
650 0 |a Literatura  |9 259151 
650 0 |a Diccionarios  |9 256200 
650 0 |a Géneros literarios   |9 311945 
583 |a last modification  |c 20040618 00:00:00  |k Rodrigo Vera 
999 |c 309666  |d 309664 
952 |0 0  |1 0  |4 0  |6 803_000000000000000_OSO_2003  |7 0  |8 X  |9 377311  |a BIBEDU  |b BIBEDU  |d 2019-11-21  |i 4000145  |o 803 OSO 2003  |p 4000145  |r 2023-01-13  |w 2019-11-21  |y BK_X  |k LIT